000
00332nam a2200133Ia 4500
005
20251222143209.0
008
251222s9999||||xx |||||||||||||| ||spa||
020
_a
978-84-368-2033-1
082
_a
155.2/G31
100
_a
Gavino, Aurora
245
0
_a
Guía de Técnicas de Terapia de Conducta
264
_b
Pirámide
942
_c
LIB
999
_c
13374
_d
13374